• 首页
  • 本馆介绍
  • 公告通知
  • 最新文献
  • 馆藏检索
  • 电子资源
  • 读者导购
  • 参考咨询
  • 我的图书馆
  • 登录
  • 详细信息显示
  • 放入我的书架
  • 预约/预借图书
  • 作者相关作品
  • 分类相关作品
  • 丛书相关作品
  • 出版社相关作品

书目信息

  • 表格格式
  • 工作单格式
  • 卡片格式
书名: Word mysteries & histories
作者:
分册号:
分册名:
出版地: Boston :
 
出版社: Houghton Mifflin
出版时间: c1986.
页数: xi, 308 p. :
开本: 24 cm.
丛书名:
中图分类号:
科图分类号:
其他分类号: H313.9-61
主题词:
电子资源:
000 00852pam 2200325 a 4500
001 E0732100105
005 20070228090911.01
020    @a0395402654.
020    @a0395402646 (pbk.).
090    @aH313.9-61
099    @dH313.9-61@ex49
245 00 @aWord mysteries & histories :@bfrom quiche to humble pie.
260    @aBoston :@bHoughton Mifflin,@cc1986.
300    @axi, 308 p. :@bill. ;@c24 cm.
500    @aIncludes index.
710 20 @aHoughton Mifflin Company.
740 01 @aWord mysteries and histories.
920    @a212020@z1
920    @a251430@z1
920    @a211060@z1
920    @a242120@z1
920    @a237010@z1
920    @a215010@z1
920    @a223010@z1
920    @a242250@z1
920    @a211260@z1
920    @a236010@z2
920    @a211010@bH313.9@cW891 @z1
920    @a231030@bH313.9@cW924W@z1
998    @aPUL
    
    Word mysteries & histories : : from quiche to humble pie.-Boston : : Houghton Mifflin, , c1986.
    xi, 308 p. : : ill. ; ; 24 cm.
    Includes index.
    
    ISBN 0395402654.
    
●
相关链接 在E读中查询图书 在五车中查询图书 在当当中查询图书 在豆瓣中查询图书


正题名:Word mysteries & histories     索取号:H313.9-61/x49         预约/预借

序号 登录号 条形码 馆藏地/架位号 状态 备注
1 184185   001301068   第四借阅区/ [索取号:H313.9-61/x49] 在馆    
2 184186   001301022   第四借阅区/ [索取号:H313.9-61/x49] 在馆    
3 184187   001300988   第二样本阅览室/ [索取号:H313.9-61/x49] 在馆    
唐山师范学院图书馆 欢迎您!
大连网信软件有限公司© 版权所有